Knowledge and belief theory / (Record no. 150799)
[ view plain ]
| 000 -LEADER | |
|---|---|
| fixed length control field | 00603nam a22001817a 4500 |
| 005 - DATE AND TIME OF LATEST TRANSACTION | |
| control field | 20180409162001.0 |
| 010 ## - LCCN (DPL NO) | |
| LC control number | ENG-122494 |
| 020 ## - INTERNATIONAL STANDARD BOOK NUMBER | |
| International Standard Book Number | 9789381950401 |
| Terms of availability | 495.00 |
| 035 ## - SYSTEM CONTROL NUMBER | |
| System control number | EN-106026 |
| 037 ## - SOURCE OF ACQUISITION | |
| Source of stock number/acquisition | DBAD/PUB |
| 082 ## - DEWEY DECIMAL CLASSIFICATION NUMBER | |
| Classification number | 181.4 |
| 100 ## - MAIN ENTRY--PERSONAL NAME | |
| Personal name | Tater, Sohan Raj |
| 245 ## - TITLE STATEMENT | |
| Title | Knowledge and belief theory / |
| Statement of responsibility, etc | by Tater, Sohan Raj |
| 260 ## - PUBLICATION, DISTRIBUTION, ETC. (IMPRINT) | |
| Place of publication, distribution, etc | Jaipur |
| Name of publisher, distributor, etc | Sankalp Prakashan |
| Date of publication, distribution, etc | 2017 |
| 270 ## - ADDRESS | |
| Address | 467, Badayon ka Chowk, Govindrao Ji Ka Rasta, Chanpole Bazar, |
| City | Jaipur |
| Postal code | 302001 |
| Telephone number | 4004330 |
| Electronic mail address | sankalpprakashanjpr@gmail.com |
| 300 ## - PHYSICAL DESCRIPTION | |
| Extent | 128p. |
| Other physical details | ill. |
| Dimensions | 20cm(Hb) |
| 942 ## - ADDED ENTRY ELEMENTS (KOHA) | |
| Source of classification or shelving scheme | Dewey Decimal Classification |
| Item type | English Books |
| Call number suffix | TAT |
| Classification part | 181.4 |
| Withdrawn status | Lost status | Not for loan | Collection code | Home library | Current library | Date acquired | Source of acquisition | Cost, normal purchase price | Full call number | Barcode | Copy number | Cost, replacement price | Koha item type |
|---|---|---|---|---|---|---|---|---|---|---|---|---|---|
| Not For Loan | Non-fiction | D.B.Act.Division | Patel Nagar | 05/04/2018 | DBAD/PUB | 495.00 | 181.4 TAT | EN-106026 | 1 | 495.00 | English Books |
